Pedoman bagi penjipta siaran TV-pendidikan, (Record no. 81116)

MARC details
000 -LEADER
fixed length control field 00588cam a22002171 4500
001 - CONTROL NUMBER
control field sa 68006089
003 - CONTROL NUMBER IDENTIFIER
control field DLC
005 - DATE AND TIME OF LATEST TRANSACTION
control field 20260227112513.0
008 - FIXED-LENGTH DATA ELEMENTS--GENERAL INFORMATION
fixed length control field 890406s1964 io 000 0 ind
010 ## - LIBRARY OF CONGRESS CONTROL NUMBER
LC control number sa 68006089
035 ## - SYSTEM CONTROL NUMBER
System control number (OCoLC)23574269
040 ## - CATALOGING SOURCE
Original cataloging agency DLC
Transcribing agency MiU
Modifying agency DLC
042 ## - AUTHENTICATION CODE
Authentication code premarc
050 00 - LIBRARY OF CONGRESS CALL NUMBER
Classification number LB1044.7
Item number .H85
100 1# - MAIN ENTRY--PERSONAL NAME
Personal name Hutabarat, Sans S.
245 10 - TITLE STATEMENT
Title Pedoman bagi penjipta siaran TV-pendidikan,
260 ## - PUBLICATION, DISTRIBUTION, ETC.
Place of publication, distribution, etc. Bandung,
Name of publisher, distributor, etc. IKIP
Date of publication, distribution, etc. [1964?]
300 ## - PHYSICAL DESCRIPTION
Extent 41 p.
Dimensions 21 cm.
650 #0 - SUBJECT ADDED ENTRY--TOPICAL TERM
Topical term or geographic name entry element Television in education
700 1# - ADDED ENTRY--PERSONAL NAME
Personal name Thomas, R. Murray
Fuller form of name (Robert Murray),
Dates associated with a name 1921-

No items available.

Powered by Koha